Análisis del desempeño de geosintéticos como sistemas intercapa en pavimentos flexibles

Gorde:
Xehetasun bibliografikoak
Egile nagusia: Katiyar Quirós, Indira, 1993-
Beste egile batzuk: Aguiar Moya, José Pablo, 1981- Director del TFG
Formatua: Liburua
Hizkuntza:Spanish
Argitaratua: San José, [Costa Rica] 2018
Gaiak:
Etiketak: Etiketa erantsi
Etiketarik gabe, Izan zaitez lehena erregistro honi etiketa jartzen!

MARC

LEADER 00000nam a22000007a 4500
003 012954
005 20230531110931.0
008 181105b2018 cr a|||| |m|| 00| ||spa d
040 |c cru CEDI 
100 |9 632  |a Katiyar Quirós, Indira, 1993- 
245 |a Análisis del desempeño de geosintéticos como sistemas intercapa en pavimentos flexibles  
260 |a  San José, [Costa Rica]  |c 2018 
300 |a xviii, 167 hojas: ilustraciones a color  
500 |a Proyecto de graduación (licenciatura en ingeniería civil)--Universidad de Costa Rica. Facultad de Ingeniería. Escuela de Ingeniería Civil 
501 |a  Director de Proyecto de Graduación: Ing. José Aguiar Moya, Ph.D 
650 |x MATERIALES PARA CARRETERAS   |x PAVIMENTOS - MANTENIMIENTO Y REPARACION  |x GEOSINTETICOS   |x PAVIMENTOS FLEXIBLES  |x GEOSINTETICOS - PRUEBAS   |x CAPAS SUPERPUESTAS DE PAVIMENTO   |x RESISTENCIA DE MATERIALES - PRUEBAS  |9 14548 
700 |9 135  |a Aguiar Moya, José Pablo, 1981-  |d Director del TFG 
942 |c CEDI  |h TFG 8105  |6 TFG_8105_000000000000000 
999 |c 21110  |d 21110